000 00288nam a22001337a 4500
008 170627b xxu||||| |||| 00| 0 eng d
020 _a9780130272447
041 _aeng
080 _a82
100 _a21
101 _aGJL
245 _aAMERICAN LITERATURE
_cELLIOTT,E
942 _2udc
_cBK
999 _c19178
_d19178